000 00819nam a2200241 4500
003 OSt
005 20260530115307.0
008 260508b2010 mx a|||| |||| 00| 0 spa d
040 _aICI
_bspa
_cICI
041 _aspa
050 _aNK1390
_b.C33
100 1 _aCabrero, Emilio,
_dautor
_932188
245 1 0 _aCien por ciento diseño :
_bdesign week 2010 /
_cEmilio Cabrera ; coordinador Jaime Hernández Encontra ; Rocío Martínez
264 1 _aMéxico :
_bDWMEXICO :
_bCAD México,
_c2010
300 _a177 páginas
_bilustraciones
336 _atexto
_2rdacontent
337 _asin medio
_2rdamedia
338 _avolumen
_2rdacarrier
500 _a50 Tiendas 700 Marcas Un solo lugar
700 1 _aHernández Encontra, Jaime,
_ecoordinador
_932189
700 1 _aMartínez, Rocío,
_eeditor
_932190
942 _2lcc
_cBK
_n1
999 _c13150
_d13150